|
|
|
|
| LEADER |
02980nam a2200409Ia 4500 |
| 001 |
bslw09019794 |
| 003 |
UtOrBLW |
| 005 |
20130228224912.0 |
| 006 |
m o d |
| 007 |
cr un||||||||| |
| 008 |
130228s2013 enka o 000 0 eng d |
| 020 |
|
|
|a 9781781905388 (electronic bk.) :
|c £72.95 ; €105.95 ; $134.95
|
| 040 |
|
|
|a UtOrBLW
|c UtOrBLW
|d GrThAP
|
| 050 |
|
4 |
|a HT608
|b .C53 2013
|
| 072 |
|
7 |
|a JFSC
|2 bicssc
|
| 072 |
|
7 |
|a JHBC
|2 bicssc
|
| 072 |
|
7 |
|a SOC05000
|2 bisacsh
|
| 072 |
|
7 |
|a SOC024000
|2 bisacsh
|
| 072 |
|
7 |
|a SOC000000
|2 bisacsh
|
| 080 |
|
|
|a 316.34
|
| 082 |
0 |
4 |
|a 305.5
|2 23
|
| 245 |
0 |
0 |
|a Class and stratification analysis
|h [electronic resource] /
|c edited by Gunn Elisabeth Birkelund.
|
| 260 |
|
|
|a Bingley, U.K. :
|b Emerald,
|c 2013.
|
| 300 |
|
|
|a 1 online resource (xx, 379 p.) :
|b ill.
|
| 490 |
1 |
|
|a Comparative social research,
|x 0195-6310 ;
|v v. 30
|
| 505 |
0 |
|
|a Introduction / Gunn Elisabeth Birkelund -- Class, occupation, wages, and skills : the iron law of labor market inequality / Carl le Grand, Michael Tåhlin -- Educational choices and social interactions : a formal model and a computational test / Gianluca Manzo -- Occupational standing and occupational stratification by cognitive ability / Min-Hsiung Huang -- Analysing intergenerational transmissions : from social mobility to social reproduction / Steffen Hillmert -- Inching up : the labour market position of the second-generation immigrants in Britain and the United States (1990-2000) / Yaojun Li -- Lifestyles and social stratification : an explorative study of France and Norway / Gunn Elisabeth Birkelund, Yannick Lemel -- From abstract to concrete : the practical relevance of parents' economic and cultural capital for persistence in higher education / Liza Reisel -- Completion of upper secondary education : what mechanisms are at stake? / Martin D. Munk -- Identifying and explaining hidden disadvantage within the non-manual group in higher education access / Delma Byrne, Selina McCoy -- Measuring social inequality in educational attainment / Ottar Hellevik -- Reproduction of economic inequalities : are the figures for the United States and United Kingdom too high? / Gary N. Marks -- The international standard classification of education 2011 / Silke L. Schneider.
|
| 520 |
|
|
|a This volume of Comparative Social Research emphasizes unsolved issues and new developments within class and stratification analysis, discussing both theoretical and methodological innovations and revisions.
|
| 650 |
|
7 |
|a Social Science
|x Research.
|2 bisacsh
|
| 650 |
|
7 |
|a Social Science
|x General.
|2 bisacsh
|
| 650 |
|
7 |
|a Social classes.
|2 bicssc
|
| 650 |
|
7 |
|a Social research & statistics.
|2 bicssc
|
| 650 |
|
0 |
|a Social classes
|x Research.
|
| 650 |
|
0 |
|a Social stratification
|x Research.
|
| 700 |
1 |
|
|a Birkelund, Gunn Elisabeth.
|
| 776 |
1 |
|
|z 9781781905371
|
| 830 |
|
0 |
|a Comparative social research ;
|v v. 30.
|
| 856 |
4 |
0 |
|u http://www.emeraldinsight.com/0195-6310/30
|z Full Text via HEAL-Link
|